ბათუმის შოთა რუსთაველის სახელმწიფო უნივერსიტეტის ბიბლიოთეკა

ფიზიკური რეაბილიტაცია სამეანო–გინეკოლოგიურ პრაქტიკაში / (ბიბ.ჩანაწერი № 36484)

000 -ლიდერი
ფიქსირებული სიგრძის საკონტროლო ველი 01137nam a2200253Ia 4500
001 - საკონტროლო ნომერი
საკონტროლო ველი 2402
003 - საკონტროლო ნომრის იდენტიფიკატორი
საკონტროლო ველი GE_BSU
005 - ბოლო ოპერაციის თარიღი და დრო
საკონტროლო ველი 20230829123359.0
008 - ფიქსირებული სიგრძის მონაცემთა ელემენტები - ზოგადი ინფორმაცია
ფიქსირებული სიგრძის საკონტროლო ველი 181216s1992||||ge |||||||||||||| ||geo||
020 ## - წიგნის საერთაშორისო სტანდარტული ნომერი
International Standard Book Number 5529008674
040 ## - კატალოგიზაციის წყარო
Transcribing agency GE_BSU
041 ## - ენის კოდი
Language code of text/sound track or separate title geo
080 ## - უნივერსალური ათობითი კლასიფიკაციის ინდექსი
Universal Decimal Classification number 618 ბ–32
100 ## - მთავარი ჩანაწერი - პიროვნების სახელი
Personal name ბაქრაძე, გ.
9 (RLIN) 19051
245 ## - ცნობა სათაურის შესახებ
Title ფიზიკური რეაბილიტაცია სამეანო–გინეკოლოგიურ პრაქტიკაში /
Statement of responsibility, etc გ. ბაქრაძე., რ. სვანიშვილი; რედ. გიგაური, მ.
264 ## - წარმოების, გამოცემის, დისტრიბუციის და სხვა ცნობები
გამოცემის, წარმოების, დისტრიბუციის... ადგილი თბილისი :
გამოცემის, წარმოების, დისტრიბუციის... სახელწოდება საქართველო,
გამოცემის, წარმოების, დისტრიბუციის... თარიღი 1992.
300 ## - ფიზიკური აღწერა
Extent 143 გვ.;
Other physical details 19 სმ.
653 ## - INDEX TERM--UNCONTROLLED
Uncontrolled term ორსულთა აღდგენითი მკურნალობა
653 ## - INDEX TERM--UNCONTROLLED
Uncontrolled term ავადმყოფთა ფიზიკური რეაბილიტაცია
700 ## - ADDED ENTRY--PERSONAL NAME
Personal name სვანიშვილი, რ.
Relator term ავტორი
9 (RLIN) 11563
700 ## - ADDED ENTRY--PERSONAL NAME
Personal name გიგაური, მ.
Relator term რედაქტორი
9 (RLIN) 3357
942 ## - ADDED ENTRY ELEMENTS (KOHA)
Koha item type წიგნი
Source of classification or shelving scheme
ეგზემპლარები
ჩამოწერის სტატუსი დაკარგული ეგზემპლარის სტატუსი კლასიფიკაციის წყარო ან თაროზე გაწყობის სქემა დაზიანების სტატუსი არ გაიცემა მუდმივი მდებარეობა (დაცვის ადგილი) ამჟამინდელი ადგილსამყოფელი თაროზე განთავსების ადგილი შეძენის თარიღი ღირებულება, შესყიდვის ნორმალური ფასი სრული შენახვის შიფრი შტრიხკოდი ბოლო ოპერაციის თარიღი ეგზემპლარის მიმდევრობითი ნომერი (კეტერი?) ფასის ძალაში შესვლის თარიღი ეგზემპლარის სახეობა საჯარო შენიშვნა
          ბათუმის შოთა რუსთაველის სახელმწიფო უნივერსიტეტის მთავარი ბიბლიოთეკა ბათუმის შოთა რუსთაველის სახელმწიფო უნივერსიტეტის მთავარი ბიბლიოთეკა წიგნსაცავი 2018-12-17 6.00 618 ბ–32 3495 2018-12-17 3495 2018-12-17 წიგნი 6 ლ.